000 01049nas a2200301 4500
001 BR8300949
003 BR-BrBNA
005 20231205085440.0
007 ta
008 230509b bl.|||p| |||| 00| 00por d
040 _aBR-BrBNA
_bpor
_cBiblioteca Nacional de Agricultura
041 _a(Pt)
072 _aL30; L36
100 1 _aAlbino, L.F.T.
100 1 _aFialho, E.T.
100 1 _aFerreira, A.S.
100 1 _aCesar, J.S.
245 1 _aTriptofano aparentemente metabolizavel de ingredientes utilizados em racoes para frangos de corte [aminoacido, analise quimica, Brasil]
246 1 _a[Apparently metabolizable tryptophan of ingredients used in broilers feestuffs [aminoacid, chemical analysis, Brazil]]
650 _aANALISE QUIMICA
650 _aRACAO
650 _aAMINOACIDO
650 _aRACAO
650 _aFRANGO DE CORTE
773 0 _tRevista da Sociedade Brasileira de Zootecnia (Brazil)
_xISSN 0100-4859
_g(1982), v. 11(2) p. 331-340
_wBR8300949
909 _a202311
_bLúcia
_c55
_dLúcia Elande
942 _2AGRIS
_n0
_cANA
999 _c111505
_d111505